<?xml version="1.0" encoding="UTF-8"?>
<collection xmlns:xsi="http://www.w3.org/2001/XMLSchema-instance" xsi:schemaLocation="http://www.loc.gov/MARC21/slim http://www.loc.gov/standards/marcxml/schema/MARC21slim.xsd" xmlns="http://www.loc.gov/MARC21/slim">
 <record>
  <leader>00000cam a22000004i 4500</leader>
  <controlfield tag="001">UP-1685523046126318386</controlfield>
  <controlfield tag="003">Buklod</controlfield>
  <controlfield tag="005">20240607120832.0</controlfield>
  <controlfield tag="006">a     r    |||| u|</controlfield>
  <controlfield tag="007">ta</controlfield>
  <controlfield tag="008">240607s2014    nyum    rb   a001 0|eng d</controlfield>
  <datafield tag="020" ind1=" " ind2=" ">
   <subfield code="a">9781133732365</subfield>
   <subfield code="a">1133732364</subfield>
  </datafield>
  <datafield tag="035" ind1=" " ind2=" ">
   <subfield code="a">(iLib)UPMNL-00015498101</subfield>
  </datafield>
  <datafield tag="040" ind1=" " ind2=" ">
   <subfield code="a">CAMP</subfield>
   <subfield code="e">rda</subfield>
  </datafield>
  <datafield tag="041" ind1="0" ind2=" ">
   <subfield code="a">eng</subfield>
  </datafield>
  <datafield tag="090" ind1=" " ind2="0">
   <subfield code="a">RD 763 </subfield>
   <subfield code="b">K86 2014</subfield>
  </datafield>
  <datafield tag="100" ind1="1" ind2=" ">
   <subfield code="a">Kummer, Ann W.</subfield>
   <subfield code="e">author</subfield>
  </datafield>
  <datafield tag="245" ind1="1" ind2="0">
   <subfield code="a">Cleft palate and craniofacial anomalies</subfield>
   <subfield code="b">effects on speech and resonance</subfield>
   <subfield code="c">Ann W. Kummer ; with contributions.</subfield>
  </datafield>
  <datafield tag="250" ind1=" " ind2=" ">
   <subfield code="a">Third edition.</subfield>
  </datafield>
  <datafield tag="264" ind1=" " ind2="1">
   <subfield code="a">Clifton Park, NY</subfield>
   <subfield code="b">Delmar, Cengage Learning</subfield>
   <subfield code="c">[2014]</subfield>
  </datafield>
  <datafield tag="300" ind1=" " ind2=" ">
   <subfield code="a">xix, 748 pages</subfield>
   <subfield code="b">illustrations</subfield>
   <subfield code="c">24 cm +</subfield>
   <subfield code="e">1 student web site printed access card.</subfield>
  </datafield>
  <datafield tag="336" ind1=" " ind2=" ">
   <subfield code="a">text</subfield>
   <subfield code="b">txt</subfield>
   <subfield code="2">rdacontent.</subfield>
  </datafield>
  <datafield tag="337" ind1=" " ind2=" ">
   <subfield code="a">unmediated</subfield>
   <subfield code="2">rdamedia.</subfield>
  </datafield>
  <datafield tag="338" ind1=" " ind2=" ">
   <subfield code="a">volume</subfield>
   <subfield code="b">nc</subfield>
   <subfield code="2">rdacarrier.</subfield>
  </datafield>
  <datafield tag="500" ind1=" " ind2=" ">
   <subfield code="a">Includes access code for premium website containing student companion course materials.</subfield>
  </datafield>
  <datafield tag="504" ind1=" " ind2=" ">
   <subfield code="a">Includes bibliographical references and index.</subfield>
  </datafield>
  <datafield tag="505" ind1="0" ind2=" ">
   <subfield code="a">Anatomy and physiology: facial, oral, and velopharyngeal structures -- Clefts of the lip and palate -- The genetics evaluation and common craniofacial syndromes -- Genetics and patterns of inheritance -- Feeding problems of infants with clefts or craniofacial anomalies -- Developmental aspects: speech, language and cognition -- Resonance disorders and velopharyngeal dysfunction (VPD) -- Facial, oral, and pharyngeal anomalies -- Dental anomalies -- Psychosocial aspects of cleft lip/palate and craniofacial anomalies -- Speech and resonance assessment -- Orofacial examination -- Overview of instrumental procedures -- Nasometry -- Speech aerodynamics -- Videofluoroscopy -- Nasopharyngoscopy --Surgical management of clefts and velopharyngeal insufficiency/incompetence (VPI) -- Orthognathic surgery for craniofacial conditions -- Prosthetic management -- Speech therapy -- The team approach -- Cleft care in developing countries -- Resources for parent information and support -- Cleft palate foundation publications.</subfield>
  </datafield>
  <datafield tag="650" ind1=" " ind2="0">
   <subfield code="a">Cleft palate</subfield>
   <subfield code="x">Complications.</subfield>
  </datafield>
  <datafield tag="650" ind1=" " ind2="0">
   <subfield code="a">Skull</subfield>
   <subfield code="x">Abnormalities</subfield>
   <subfield code="x">Complications.</subfield>
  </datafield>
  <datafield tag="650" ind1=" " ind2="0">
   <subfield code="a">Speech disorders.</subfield>
  </datafield>
  <datafield tag="650" ind1="2" ind2="2">
   <subfield code="a">Cleft Palate</subfield>
   <subfield code="x">therapy.</subfield>
  </datafield>
  <datafield tag="650" ind1="2" ind2="2">
   <subfield code="a">Craniofacial Abnormalities</subfield>
   <subfield code="x">complications.</subfield>
  </datafield>
  <datafield tag="650" ind1="2" ind2="2">
   <subfield code="a">Craniofacial Abnormalities</subfield>
   <subfield code="x">therapy.</subfield>
  </datafield>
  <datafield tag="650" ind1="2" ind2="2">
   <subfield code="a">Speech Disorders</subfield>
   <subfield code="x">etiology.</subfield>
  </datafield>
  <datafield tag="650" ind1="2" ind2="2">
   <subfield code="a">Speech Disorders</subfield>
   <subfield code="x">therapy.</subfield>
  </datafield>
  <datafield tag="905" ind1=" " ind2=" ">
   <subfield code="a">FO</subfield>
  </datafield>
  <datafield tag="852" ind1="0" ind2=" ">
   <subfield code="a">UPMNL</subfield>
   <subfield code="b">CAMP</subfield>
   <subfield code="h">RD 763</subfield>
   <subfield code="i">K86 2014</subfield>
  </datafield>
  <datafield tag="942" ind1=" " ind2=" ">
   <subfield code="a">Book</subfield>
  </datafield>
 </record>
</collection>
